O fundamento ft̀ico de validade das cides e o controle concentrado de sua constitucionalidade

Detalles Bibliográficos
Autor principal: de Paula Junior, Aldo
Formato: eBook
Lenguaje:portugués
Publicado: San Pablo: Editora Noeses, 2014
Materias:
Acceso en línea:Acceso restringido

MARC

LEADER 00000nam a22000007a 4500
005 2022061002052.0
007 cr|||| ||||
008 220610s2014 br |||||s|||| 00||0 por d
020 |a 978-85-8310-027-0 
035 |a 36411 
040 |a vLex 
090 |c 13403  |d 13403 
100 1 |a de Paula Junior, Aldo 
245 1 1 |a O fundamento ft̀ico de validade das cides e o controle concentrado de sua constitucionalidade  |h [Recurso electrn̤ico] /  |c Aldo de Paula Junior 
256 |a Servicio en ln̕ea 
260 |a San Pablo:  |b Editora Noeses,  |c 2014 
300 |a 1 recurso electrn̤ico 
506 1 |a Disponible solo en los productos indicados  |d vLex Global  |d vLex Global (Academic Edition, excluding Law Schools)  |d vLex Global (U.S. Academic Edition, Law Schools)  |d vLex Global (U.S. Academic Edition, excluding Law Schools)  |d vLex Global (Academic Edition, Law Schools) 
650 0 4 |a Derecho Constitucional  |z Brasil 
740 0 |a vLex Libros (Servicio en ln̕ea) 
856 4 0 |u https://app.vlex.com/#/sources/36411  |z Acceso restringido 
942 |c BOOK 
999 0 |a Constitutional right